01210 2200169 4500245005800000020002200058250001200080100001900092650001700111005001900128260003300147041001400180084001100194300002300205500080200228336001001030 aAs Long As The Lemon Trees GrowcKATOUH, ZOULFAhText a978-602-441-313-2 aCet. 10 aKATOUH, ZOULFA aFiksi Remaja a20250310082557 aBandungbMizan Pustakac2025 aIndonesia a808.83 a479 hlm. :c21 cm. aAkibat perang Suriah, Salama kehilangan orangtua, dan Hamza, kakaknya ditawan, entah masih hidup atau sudah mati. Kini, Salama harus menjaga Layla, kakak iparnya yang sedang hamil. Hamza berpesan agar Salama menjaga Layla dan calon bayinya. Satu-satunya cara menjaga Layla dari perang adalah mengungsi ke Eropa, tapi setiap kali melihat para korban perang, rasa bersalah menikam Salama. Haruskah dia pergi dari Suriah, ketika bangsanya bergelimpangan akibat perang?Keputusasaan dan ketakutan bercampur hingga mewujud dalam sosok pria bermata dingin, Khaft, yang mendorong Salama untuk pergi. Namun, Salama bertemu Kenan, pemuda bermata hijau dengan semangat membara membela negara. Kini, Salama harus memilih antara tetap tinggal untuk negaranya, ataukah pergi demi memenuhi janjinya kepada Hamza. aother